00998ntm a2200265 a 450000100060000000300080000600500170001400800410003103500190007204000350009104100080012608200270013410000250016124501680018626000800035430000300043450200860046450400310055060000070058165000190058865000210060765000220062870000410065070000410069175916BD-RjUL20211209082749.0190914s2014 bg a|||| bm|| 00| 0 eng d a(BD-RjUL)76135 aBD-RjULbengcBD-RjULdBD-RjUL aeng a618.9268223bISC 20141 aIslam, Syed Sirajul 10aClinico-Pathological study of undescended Testis in Children /cby Syed Sirajul Islam ;6Principal Supervisor: Parvez Hassan ; Co-Supervisor: Shah Md. Badruddoza aRajshahi :bInstitute of Biological Sciences, University of Rajshahi,c2014 aviii, 88 leaves ;c29 cm. aThesis (Ph. D.) -- Institute of Biological Sciences, University of Rajshahi, 2014 aReferences: Leaves [59]-70 d  aHuman genetics aTestisxDiseases aChildrenxSurgery aHassan, Parvez, Principal Supervisor aBadruddoza, Shah Md. , Co-Supervisor